| 000 | 00772cab a2200229 4500 | ||
|---|---|---|---|
| 001 | ABS54535 | ||
| 008 | 090401t1996 xxu||||| |||| 00| 0 eng d | ||
| 035 | _a(Sirsi) u11011 | ||
| 041 | _aeng | ||
| 100 | _aRose, J. | ||
| 245 | _aGoing through waste with a fine toothcomb | ||
| 260 | _c1996 | ||
| 350 | _a0 | ||
| 490 |
_aThe Waste Manager _vFebruary 1996, 12-13(2) |
||
| 520 | _aReports on the data collection exercise the DOE is embarking on in order to implement waste management strategy policies. Their job will be the responsibility of the new Environment Agency. | ||
| 650 | _aENVIRONMENT AGENCY | ||
| 650 | _aWASTE MANAGEMENT | ||
| 650 | _aWASTE STRATEGY WHITE PAPER | ||
| 690 | _aENVIRONMENTAL AND LAND CONSULTANCY | ||
| 942 | _n0 | ||
| 948 | _c04/03/1997 | ||
| 999 |
_c7019 _d7019 |
||